000 01366nam a2200133Ia 4500
008 220616s9999||||xx |||||||||||||| ||und||
020 _a9783040000000
245 0 _aAdvances in Polymeric Materials for Biomedical Applications
546 _aEnglish[eng]
650 _afish gelatin||citric acid||electrospinning||pH||thermal treatment||gelatin structure||crosslinking degree||dendrimer||metallodendrimer||acridine||antimicrobial activity||antibacterial cotton||polystyrene||nylon 6||electrospun fibers||composite mesh||proliferation||roughness||Ti6Al4V||polydopamine||antimicrobial peptides||cathelicidin||KR-12||polyhydroxyalkanoates||oligo(3-hydroxy-3-(4-methoxybenzoyloxymethyl)propionate)||bioactive (co)oligoesters||p-anisic acid derivatives||hydrolytic degradation||cosmetic delivery system||ESI-MS||multistage mass spectrometry||whey protein isolate||hydrogel||tannic acid||anticancer scaffold||3D printing||fused deposition modelling (FDM)||computer aided design (CAD)||erosion test||dissolution study||dynamic light scattering (DLS)||poly(2-isopropenyl-2-oxazoline)||immunomodulation||cytokines||RAW 264.7||phagocytosis||cell internalization||antifungal||thymoquinone||ocimene||miramistin amphotericin b||bacterial cellulose||wound dressing
700 _aRadecka, Iza||Kowalczuk, Marek M.
856 _uhttps://mdpi.com/books/pdfview/book/5048
942 _cEB
999 _c20528
_d20528